02823nam a2200409Ia 450000500170000000800410001702000150005808200180007310000200009124501560011125000390026730000430030649000300034950603880037965000370076765000300080465000290083465000290086370000300089294200120092226400340093433600270096833700330099533800280102804000350105699900150109195201280110695201310123495201310136595201330149695201310162995201280176095201290188895201320201795201310214995201330228020220317000648.0160601s2005 ag a g 000 0 spa  a950124519504a361.25 bN37p1 aNirenberg, Olga10aProgramación y evaluación de proyectos sociales baportes para la racionalidad y la transparencia cOlga Nirenberg, Josette Brawerman, Violeta Ruiz a1a. edición b1a. reimpresión  a215 páginas bilustraciones c21 cm  aPaidóspTramas sociales aLa programación social -- La lógica de la programación en la formulación de proyectos -- El diagnóstico: algo más que una herramienta para la programación y evaluación -- La evaluación con foco en la formulación -- La evaluación durante la ejecución: el foco en los procesos ; La sistematización de experiencias -- La evaluación con foco en los resultados142LEMBaEvaluación de proyectos 142LEMBaProyectos sociales 142LEMBaDesarrollo social 142LEMBaEstado y sociedad 1 aBrawerman, Josette952120 2ddccBK aBuenos Aires bPaidósc2005 atextobtxt2rdacontent asin mediaciónbn2rdamedia avolumenbnc2rdacarrier aCO-BoRNBPbspaerdacCO-BoRNBP c4702d4702 00102ddc40708GENaMEPRICObMEPRICOcGENd2022-12-06o361.25 N37PpPR00000203r2022-12-06 00:00:00tEj.1w2022-12-06yBK 00102ddc40708GENaMEDORADObMEDORADOcGENd2022-12-20l0o361.65 N37ppDOR00255r2022-12-20 00:00:00tEj.1w2022-12-20yBK 00102ddc40708GENaMESMARTIbMESMARTIcGENd2023-05-11l0o361.65 N37ppSM001189r2023-05-11 00:00:00tEj.1w2023-05-11yBK 00102ddc40708GENaMEMAPIRIbMEMAPIRIcGENd2023-07-12l0o361.25 N37ppMAP0000391r2023-07-12 00:00:00tEj.1w2023-07-12yBK 00102ddc40708GENaMEBAUPIAbMEBAUPIAcGENd2023-11-02l0o361.65 N37ppBUP01372r2023-11-02 22:24:31tEj.1w2023-11-02yBK 00102ddc40708GENaMECUMARAbMECUMARAcLITd2024-06-04l0o361.65N37ppCUM213r2024-06-04 14:14:43tEj.1w2024-06-04yBK 00102ddc40708GENaMEURIBEbMEURIBEcGENd2024-07-19l0o361.65 N37ppURI00439r2024-07-19 16:19:45tEj.1w2024-07-19yBK 00102ddc40708GENaMEPLOPEZbMEPLOPEZcGENd2025-05-17l0o361.25 N37ppPLZ02018r2025-05-17 11:13:23tEj.1w2025-05-17yBK 00102ddc40708GENaMEACACIAbMEACACIAcGENd2025-06-12l0o361.65 N37ppACA02612r2025-06-12 08:59:21tEj.1w2025-06-12yBK 00102lcc40708GENaMEPCONCObMEPCONCOcGENd2026-02-06l0o361.25 N37ppPCON00770r2026-02-06 14:35:40tEj.1w2026-02-06yBK